Κατάλογος Βιβλιοθηκών Mediterranean College

ΠΟΙΗΣΗ ΓΙΑ ΠΑΙΔΙΑ ΚΑΙ ΝΕΟΥΣ (Record no. 6844)

MARC details
000 -LEADER
fixed length control field 00866cam a22002174a 4500
005 - ΗΜΕΡΟΜΗΝΙΑ ΚΑΙ ΩΡΑ ΤΕΛΕΥΤΑΙΑΣ ΕΝΗΜΕΡΩΣΗΣ
Πεδίο ελέγχου 20250605164252.0
008 - FIXED-LENGTH DATA ELEMENTS--GENERAL INFORMATION
Πεδίο ελέγχου σταθερού μήκους 250528s ||||||||||||||||||||||||d
035 ## - SYSTEM CONTROL NUMBER
System control number 21785
020 ## - ISBN
ISBN 9789608065642
040 ## - ΠΗΓΗ ΚΑΤΑΛΟΓΟΓΡΑΦΗΣΗΣ
Φορέας πρωτότυπης καταλογογράφησης MC Athens Campus Library
Γλώσσα καταλογογράφησης Ελληνικά, Μοντέρνα (1453-)
Modifying agency MC Athens Campus Library
Κανόνες περιγραφικής καταλογογράφησης AACR2
245 1# - ΤΙΤΛΟΣ ΚΑΙ ΔΗΛΩΣΗ ΥΠΕΥΘΥΝΟΤΗΤΑΣ
Τίτλος ΠΟΙΗΣΗ ΓΙΑ ΠΑΙΔΙΑ ΚΑΙ ΝΕΟΥΣ
250 ## - EDITION STATEMENT
Edition statement 1
260 ## - PUBLICATION, DISTRIBUTION, ETC.
Name of publisher, distributor, etc. Ζυγός,
Date of publication, distribution, etc. 2008
300 ## - PHYSICAL DESCRIPTION
Extent 343
505 0# - FORMATTED CONTENTS NOTE
Formatted contents note ΕΡΕΥΝΑ ΔΙΑΔΡΟΜΕΣ ΤΗΣ ΕΛΛΗΝΙΚΗΣ ΠΟΙΗΣΗΣ ΑΝΑΓΝΩΣΗ/ΑΝΑΛΥΣΗ ΤΗΣ ΣΥΓΧΡΟΝΗΣ ΠΑΙΔΙΚΗΣ ΠΟΙΗΣΗΣ
520 ## - SUMMARY, ETC.
Summary, etc. ΕΡΕΥΝΑ ΔΙΑΔΡΟΜΕΣ ΤΗΣ ΕΛΛΗΝΙΚΗΣ ΠΟΙΗΣΗΣ ΑΝΑΓΝΩΣΗ/ΑΝΑΛΥΣΗ ΤΗΣ ΣΥΓΧΡΟΝΗΣ ΠΑΙΔΙΚΗΣ ΠΟΙΗΣΗΣ
700 1# - ΠΡΟΣΘΕΤΗ ΑΝΑΓΡΑΦΗ--ΦΥΣΙΚΟ ΠΡΟΣΩΠΟ
Personal name Καρακιτσιος Ανδρεας
9 (RLIN) 7705
942 ## - ADDED ENTRY ELEMENTS (KOHA)
Koha item type Books
Holdings
Τύπος τεκμηρίου Βιβλιοθήκη Τρέχουσα τοποθεσία Barcode Αριθμός εισαγωγής Ημερομηνία απόκτησης Ταξιθετικό σύμβολο Αριθμός αντιτύπου Κατάσταση απόσυρσης Κατάσταση χαμένου Κατάσταση κατεστραμμένου Μη δανεισμός Σύνολο δανεισμών Ημερομηνία τελευταίας εμφάνισης Η τιμή ισχύει από
Books MC Thessaloniki Campus Library MC Thessaloniki Campus Library 9780000068439 1874 05/06/2025 808.89928201 ΚΑΡ 1           05/06/2025 05/06/2025

MC Athens Campus Library
Πατησίων 94 & Κοδριγκτώνος 13, 104 34
Πελλήνης 8 & Πατησίων 107, 112 51
Τ: +30 210 8899600

MC Thessaloniki Campus Library
Ίωνος Δραγούμη 21, 54625 | Ίωνος Δραγούμη 15, 54625
Τ: +30 2310 287779 – Τ: +30 2314 440300